000 01210cam a2200325 i 4500
999 _c41468
_d41468
001 17919940
003 OSt
005 20220524143825.0
008 131028s2015 nyua b 001 0 eng
010 _a 2013042285
020 _a9780077861810 (alk. paper)
040 _aDLC
_beng
_cDLC
_erda
_dDLC
042 _apcc
050 0 0 _aR726.7
_b.T39 2015
082 0 0 _a616.0019
_bTAY/H
100 1 _aTaylor, Shelley E.
_99028
245 1 0 _aHealth psychology /
_cShelley E. Taylor, University of California, Los Angeles.
250 _aNinth edition.
264 1 _aNew York, NY :
_bMcGraw-Hill Education,
_c[2015]
300 _axviii, 430 pages :
_billustrations ;
_c26 cm
336 _atext
_2rdacontent
337 _aunmediated
_2rdamedia
338 _avolume
_2rdacarrier
504 _aIncludes bibliographical references (pages 325-387) and indexes.
650 0 _aClinical health psychology.
650 0 _aMedicine, Psychosomatic.
906 _a7
_bcbc
_corignew
_d1
_eecip
_f20
_gy-gencatlg
942 _2ddc
_cBK
_h616.0019
_iTAY/H
_k616.0019
_mTAY/H